[Event "Aeroflot Open"]
[Site "Moscow RUS"]
[Date "2007.02.15"]
[Round "2"]
[White "Vitiugov, N."]
[Black "Shomoev, A."]
[Result "1/2-1/2"]
[WhiteElo "2604"]
[BlackElo "2556"]
[PlyCount "127"]
[EventDate "2007.02.14"]
[SourceDate "1999.07.01"]

1. d4 Nf6 2. c4 e6 3. Nc3 Bb4 4. e3 O-O 5. Bd3 c5 6. Nf3 d5 7. O-O cxd4 8. exd4
dxc4 9. Bxc4 b6 10. Qe2 Bb7 11. Rd1 Bxc3 12. bxc3 Nbd7 13. Bd3 Qc7 14. c4 Rfe8
15. Bb2 Rac8 16. a4 Bxf3 17. Qxf3 e5 18. Bf1 exd4 19. Rxd4 Ne5 20. Qg3 Nc6 21.
Rd6 Re6 22. Rxe6 Qxg3 23. hxg3 fxe6 24. Rd1 Rd8 25. Rxd8+ Nxd8 26. c5 bxc5 27.
Ba3 Ne4 28. Bd3 Nc3 29. a5 Nc6 30. Bxc5 Na4 31. Be3 Nxa5 32. Bxa7 Nc6 33. Be3
Nc3 34. f3 Kf7 35. Kf1 Nd5 36. Bc5 Ne5 37. Ba6 h5 38. Bd4 Nc6 39. Bb2 Ne3+ 40.
Kg1 Nb4 41. Be2 Nf5 42. Kh2 Nd5 43. Be5 Nf6 44. Bd3 Nd7 45. Bc7 Nf6 46. Kh3 g5
47. Ba5 g4+ 48. Kh2 Nd5 49. Be1 Nd4 50. Bf2 Nf5 51. Kg1 Kf6 52. Be1 Nde3 53.
Kf2 Nd1+ 54. Ke2 Nde3 55. Bd2 Nd5 56. Kf2 Kg6 57. Bb5 Nf6 58. Bf4 Kf7 59. Bc4
h4 60. fxg4 Nxg4+ 61. Kf3 Nh2+ 62. Ke4 Ng4 63. gxh4 Nf6+ 64. Kd3 1/2-1/2

[Event "Bundesliga 2006-7"]
[Site "Tegernsee GER"]
[Date "2007.02.03"]
[Round "8"]
[White "Laznicka, V."]
[Black "Gyimesi, Z."]
[Result "0-1"]
[WhiteElo "2593"]
[BlackElo "2611"]
[PlyCount "98"]
[EventDate "2007.01.28"]
[SourceDate "1999.07.01"]

1. d4 Nf6 2. c4 e6 3. Nc3 Bb4 4. e3 c5 5. Nge2 d5 6. a3 Ba5 7. dxc5 dxc4 8.
Qxd8+ Bxd8 9. Nd4 Nbd7 10. Bxc4 Nxc5 11. f3 a6 12. b4 Ncd7 13. e4 Ne5 14. Be2
Bb6 15. Be3 Bd7 16. O-O-O Nc6 17. Kb2 Bxd4 18. Bxd4 Nxd4 19. Rxd4 e5 20. Rd2
Ke7 21. Rhd1 Rhd8 22. Bc4 Rac8 23. Bb3 Be8 24. a4 Rxd2+ 25. Rxd2 b6 26. Bd5 Bc6
27. Bxc6 Rxc6 28. b5 axb5 29. Nxb5 Nd7 30. Nc3 Ke6 31. Kb3 Nc5+ 32. Kb4 Na6+
33. Kb3 Nc5+ 34. Ka3 g6 35. g4 f5 36. exf5+ gxf5 37. gxf5+ Kxf5 38. Nd5 Ke6 39.
Ne3 Ne4 40. fxe4 Rc3+ 41. Kb4 Rxe3 42. Kb5 Rxe4 43. Ra2 Kd6 44. Kxb6 Rb4+ 45.
Ka7 e4 46. Ra3 Ke5 47. a5 Kd4 48. Rh3 e3 49. Rxh7 e2 0-1

[Event "Corus B"]
[Site "Wijk aan Zee NED"]
[Date "2007.01.27"]
[Round "12"]
[White "Atalik, S."]
[Black "Werle, J."]
[Result "1/2-1/2"]
[WhiteElo "2586"]
[BlackElo "2566"]
[PlyCount "85"]
[EventDate "2007.01.13"]
[SourceDate "1999.07.01"]

1. d4 Nf6 2. c4 e6 3. Nc3 Bb4 4. e3 O-O 5. a3 Bxc3+ 6. bxc3 c5 7. Bd3 Nc6 8.
Nf3 d6 9. e4 e5 10. d5 Ne7 11. g3 Ne8 12. Qc2 g6 13. Bh6 Ng7 14. h4 f6 15. Nh2
Kh8 16. f4 Ng8 17. Bxg7+ Kxg7 18. f5 Kf7 19. Ng4 Ke8 20. h5 g5 21. a4 a5 22. h6
Rf7 23. Rh2 Ra6 24. Rb1 Rb6 25. Rb5 Rxb5 26. cxb5 b6 27. Be2 Kd7 28. Bc4 Kc7
29. Qd2 Bd7 30. Rh5 Re7 31. Qh2 Qf8 32. Ne3 Be8 33. Rh3 Bd7 34. Bf1 Qb8 35. g4
Be8 36. Kf2 Bf7 37. Kg3 Rd7 38. Nc4 Re7 39. Nd2 Re8 40. c4 Re7 41. Nf3 Rd7 42.
Qd2 Qd8 43. Bd3 1/2-1/2

[Event "ch-BLR"]
[Site "Minsk BLR"]
[Date "2007.01.16"]
[Round "7"]
[White "Aleksandrov, A."]
[Black "Zhigalko, A."]
[Result "1-0"]
[WhiteElo "2601"]
[BlackElo "2538"]
[PlyCount "65"]
[EventDate "2007.01.10"]
[SourceDate "1999.07.01"]

1. d4 Nf6 2. c4 e6 3. Nc3 Bb4 4. e3 O-O 5. Bd3 c5 6. Nf3 d5 7. O-O dxc4 8. Bxc4
Nbd7 9. Qb3 b6 10. Rd1 Bb7 11. a3 Bxc3 12. bxc3 Qc7 13. Be2 Rac8 14. a4 Ne4 15.
Re1 e5 16. a5 cxd4 17. cxd4 Nc3 18. axb6 axb6 19. Bf1 Bxf3 20. gxf3 exd4 21.
exd4 Nf6 22. Ba3 Rfe8 23. Rxe8+ Rxe8 24. Rc1 Nfd5 25. Bb2 Rc8 26. Ba6 Qc6 27.
Rxc3 Qg6+ 28. Kh1 Rxc3 29. Bxc3 Nxc3 30. Qxc3 Qb1+ 31. Kg2 Qg6+ 32. Kf1 Qb1+
33. Qe1 1-0

[Event "Keres Mem A"]
[Site "Tallinn EST"]
[Date "2007.01.10"]
[Round "7"]
[White "Kulaots, K."]
[Black "Ivanov, Sergey1"]
[Result "0-1"]
[WhiteElo "2525"]
[BlackElo "2534"]
[PlyCount "52"]
[EventDate "2007.01.06"]
[SourceDate "1999.07.01"]

1. d4 Nf6 2. c4 e6 3. Nc3 Bb4 4. e3 c5 5. Nge2 cxd4 6. exd4 O-O 7. a3 Be7 8. d5
exd5 9. cxd5 Bc5 10. Na4 d6 11. Nec3 Bg4 12. f3 Bf5 13. Be2 Nbd7 14. Nxc5 dxc5
15. g4 Bg6 16. O-O Qb6 17. Rf2 h5 18. h3 Rfe8 19. Qa4 Rad8 20. g5 Nh7 21. f4
Bf5 22. Bxh5 Re1+ 23. Kg2 c4 24. Qxc4 Bxh3+ 25. Kg3 Rg1+ 26. Kf3 Nxg5+ 0-1

[Event "13th Festival A"]
[Site "Zupanja CRO"]
[Date "2007.01.07"]
[Round "6"]
[White "Milanovic, Da"]
[Black "Ivanisevic, I."]
[Result "0-1"]
[WhiteElo "2519"]
[BlackElo "2602"]
[PlyCount "32"]
[EventDate "2007.01.03"]
[SourceDate "1999.07.01"]

1. d4 Nf6 2. c4 e6 3. Nc3 Bb4 4. e3 c5 5. Nge2 b6 6. a3 Ba5 7. g3 Bb7 8. d5 b5
9. b4 cxb4 10. Nxb5 b3+ 11. Bd2 Ne4 12. Nec3 Nxd2 13. Qxd2 d6 14. Nd4 exd5 15.
Bg2 Nd7 16. Nxb3 d4 0-1

[Event "1st ACP World Rapid Cup"]
[Site "Odessa UKR"]
[Date "2007.01.05"]
[Round "1.1"]
[White "Sokolov, Iv"]
[Black "Leko, P."]
[Result "1/2-1/2"]
[WhiteElo "2652"]
[BlackElo "2749"]
[PlyCount "141"]
[EventDate "2007.01.05"]
[SourceDate "1999.07.01"]

1. d4 Nf6 2. c4 e6 3. Nc3 Bb4 4. e3 O-O 5. Bd3 d5 6. a3 Bxc3+ 7. bxc3 dxc4 8.
Bxc4 c5 9. Ne2 Nc6 10. a4 b6 11. Ba3 Qc7 12. Rc1 Rd8 13. Ng3 Bb7 14. O-O Ne5
15. Be2 Ng6 16. Qb3 Rac8 17. Rfd1 Bd5 18. Qb1 Qc6 19. Bb5 Qb7 20. f3 Bc6 21.
dxc5 Rxd1+ 22. Rxd1 bxc5 23. e4 a6 24. Bf1 Qa7 25. a5 Rb8 26. Qc2 Qc7 27. Bxc5
Qxa5 28. Bb4 Qb6+ 29. Qf2 Qb7 30. Qc5 Bb5 31. Bxb5 axb5 32. Qd4 h6 33. Ne2 Rc8
34. Ra1 Ra8 35. Rxa8+ Qxa8 36. Kf2 e5 37. Qb6 Qe8 38. g3 Qd7 39. Qd6 Qxd6 40.
Bxd6 Ne8 41. Bb4 f6 42. f4 Kf7 43. f5 Ne7 44. g4 Nc6 45. Ba3 Nc7 46. Nc1 Na6
47. Nd3 Na5 48. h4 Nc4 49. Bc1 Ke7 50. g5 hxg5 51. hxg5 fxg5 52. Bxg5+ Kf7 53.
Kf3 g6 54. Kg4 Nb8 55. Bc1 Nd7 56. Kg5 gxf5 57. exf5 Nd6 58. Kg4 Nf6+ 59. Kh3
Nd7 60. Kg4 Nf6+ 61. Kh3 e4 62. Ne5+ Kg7 63. Ba3 Nxf5 64. c4 bxc4 65. Nxc4 Kf7
66. Bc5 Ke6 67. Nd2 Kd5 68. Nxe4 Kxe4 69. Ba7 Kf3 70. Bb8 Ne4 71. Ba7 1/2-1/2

[Event "6th Amplico AIG Life"]
[Site "Warsaw POL"]
[Date "2006.12.16"]
[Round "7"]
[White "Aleksandrov, A."]
[Black "Gajewski, G."]
[Result "1-0"]
[WhiteElo "2619"]
[BlackElo "2515"]
[PlyCount "109"]
[EventDate "2006.12.16"]
[SourceDate "1999.07.01"]

1. d4 Nf6 2. c4 e6 3. Nc3 Bb4 4. e3 O-O 5. Bd3 c5 6. a3 b6 7. e4 Nc6 8. Bg5 d6
9. Nf3 e5 10. d5 Na5 11. Nd2 h6 12. Bh4 g5 13. Bg3 Kg7 14. Nf1 Bd7 15. h4 Rh8
16. Ne3 Qe7 17. Rb1 Rag8 18. Kd2 Kf8 19. Qe2 Ke8 20. Rh2 Rh7 21. Rbh1 Rhg7 22.
hxg5 hxg5 23. Bc2 Kd8 24. Kc1 Kc7 25. Qd1 Rg6 26. Rh6 Rxh6 27. Rxh6 Rg6 28. Rh8
Rg8 29. Rxg8 Nxg8 30. Qh5 Bxc3 31. bxc3 Qf6 32. f3 Qg6 33. Qxg6 fxg6 34. Be1
Nf6 35. g4 Nh7 36. Bd2 Kd8 37. Kd1 Ke7 38. Ke2 Kf6 39. Kd3 Ke7 40. Bc1 Kf6 41.
Nd1 Ke7 42. Nb2 Kd8 43. Ba4 Bc8 44. Nd1 Ke7 45. Bb5 Kf7 46. Nf2 Ke7 47. Nh3 Kf6
48. Be3 Nb7 49. Ba6 Ke7 50. Nxg5 Nf8 51. Nh3 Kd8 52. Bh6 Nh7 53. Ng5 Nxg5 54.
Bxg5+ Kd7 55. f4 1-0

[Event "24th ECC"]
[Site "Kallithea GRE"]
[Date "2008.10.20"]
[Round "4"]
[White "Fish, G."]
[Black "Turov, M."]
[Result "1/2-1/2"]
[WhiteElo "2531"]
[BlackElo "2572"]
[PlyCount "68"]
[EventDate "2008.10.17"]
[SourceDate "1999.07.01"]

1. d4 Nf6 2. c4 e6 3. Nc3 Bb4 4. e3 Ne4 5. Qc2 Nxc3 6. bxc3 Ba5 7. Bd3 d6 8.
Nf3 Nd7 9. Bd2 h6 10. e4 e5 11. O-O O-O 12. Be3 c5 13. Nd2 Bxc3 14. Qxc3 cxd4
15. Bxd4 exd4 16. Qxd4 Qf6 17. Qxf6 Nxf6 18. Rfb1 Nd7 19. Bf1 Nc5 20. f3 f5 21.
Rd1 Rd8 22. Nb3 Nxb3 23. axb3 fxe4 24. fxe4 Be6 25. Be2 Kf7 26. Bf3 a6 27. Kf2
Ke7 28. Ke3 Rac8 29. Ra4 Rc5 30. Rb4 b5 31. Be2 bxc4 32. Bxc4 Bxc4 33. bxc4 a5
34. Rb5 Rxc4 1/2-1/2

[Event "24th ECC"]
[Site "Kallithea GRE"]
[Date "2008.10.20"]
[Round "4"]
[White "Parker, J."]
[Black "Macak, S."]
[Result "1/2-1/2"]
[WhiteElo "2538"]
[BlackElo "2546"]
[PlyCount "33"]
[EventDate "2008.10.17"]
[SourceDate "1999.07.01"]

1. d4 Nf6 2. c4 e6 3. Nc3 Bb4 4. e3 O-O 5. Bd3 c5 6. Nge2 cxd4 7. exd4 d5 8.
cxd5 Nxd5 9. O-O Nc6 10. Bc2 Re8 11. Qd3 g6 12. Qf3 Bf8 13. Be4 Nde7 14. Bg5
Bg7 15. Rad1 Qb6 16. h4 Bd7 17. h5 1/2-1/2

[Event "24th ECC"]
[Site "Kallithea GRE"]
[Date "2008.10.21"]
[Round "5"]
[White "Vitiugov, N."]
[Black "Ponomariov, R."]
[Result "1/2-1/2"]
[WhiteElo "2638"]
[BlackElo "2719"]
[PlyCount "38"]
[EventDate "2008.10.17"]
[SourceDate "1999.07.01"]

1. d4 Nf6 2. c4 e6 3. Nc3 Bb4 4. e3 O-O 5. Bd3 c5 6. Nf3 Nc6 7. d5 Ne7 8. e4 d6
9. Bd2 exd5 10. exd5 Ng6 11. O-O Bg4 12. Bxg6 hxg6 13. h3 Bf5 14. Ne2 Bxd2 15.
Qxd2 b5 16. cxb5 Be4 17. Qf4 Bxd5 18. Rfd1 Bxf3 19. Qxf3 a6 1/2-1/2

[Event "24th ECC"]
[Site "Kallithea GRE"]
[Date "2008.10.23"]
[Round "7"]
[White "Potkin, V."]
[Black "Grischuk, A."]
[Result "1/2-1/2"]
[WhiteElo "2613"]
[BlackElo "2719"]
[PlyCount "24"]
[EventDate "2008.10.17"]
[SourceDate "1999.07.01"]

1. d4 Nf6 2. c4 e6 3. Nc3 Bb4 4. e3 O-O 5. Bd3 c5 6. Nf3 d5 7. O-O dxc4 8. Bxc4
Nbd7 9. Qe2 b6 10. Rd1 cxd4 11. exd4 Bb7 12. Bg5 Bxc3 1/2-1/2

[Event "1st WMSG Rapid Ind"]
[Site "Beijing CHN"]
[Date "2008.10.07"]
[Round "8"]
[White "Bartel, Mat"]
[Black "Drozdovskij, Y."]
[Result "1/2-1/2"]
[WhiteElo "2602"]
[BlackElo "2587"]
[PlyCount "133"]
[EventDate "2008.10.05"]
[SourceDate "1999.07.01"]

1. c4 Nf6 2. d4 e6 3. Nc3 Bb4 4. e3 c5 5. Nge2 cxd4 6. exd4 O-O 7. a3 Be7 8. d5
exd5 9. cxd5 Bc5 10. b4 Bd6 11. g3 a5 12. b5 Re8 13. Bg2 Be5 14. O-O d6 15. Ra2
Bxc3 16. Nxc3 Nbd7 17. Na4 Ne5 18. Be3 Bg4 19. Qb3 Nfd7 20. f4 Nc4 21. Bd4 Ncb6
22. Nxb6 Nxb6 23. Qd3 Bd7 24. f5 f6 25. g4 Rc8 26. g5 Nc4 27. gxf6 gxf6 28. a4
Ne5 29. Qe3 Rc4 30. Rf4 Kh8 31. Bf1 Rb4 32. Bb6 Rg8+ 33. Rg2 Rxg2+ 34. Bxg2
Rb1+ 35. Rf1 Rxf1+ 36. Kxf1 Qc8 37. Bxa5 Qc4+ 38. Kg1 Qxa4 39. Be1 Qd1 40. Qd2
Qg4 41. Qh6 Qg7 42. Qxg7+ Kxg7 43. Bb4 Nf7 44. b6 Bxf5 45. Kf2 Kf8 46. Ke3 Ke7
47. Bf1 Ne5 48. h4 Bc2 49. Bb5 Bf5 50. Be2 Nd7 51. Ba5 Bg6 52. h5 Bf7 53. Kd4
f5 54. h6 Ne5 55. Bd2 Kf6 56. Bb4 Ke7 57. Bd2 Nd7 58. Bg5+ Kf8 59. Bd8 Bg6 60.
Bb5 Nc5 61. Bg5 Be8 62. Bd3 Bd7 63. Bc2 Kf7 64. Bf4 Ke7 65. Bg5+ Kf7 66. Bf4
Ke7 67. Bg5+ 1/2-1/2

[Event "1st WMSG Rapid Ind KO"]
[Site "Beijing CHN"]
[Date "2008.10.07"]
[Round "1.3"]
[White "Korobov, A."]
[Black "Fier, A."]
[Result "1-0"]
[WhiteElo "2605"]
[BlackElo "2581"]
[PlyCount "71"]
[EventDate "2008.10.05"]
[SourceDate "1999.07.01"]

1. d4 Nf6 2. c4 e6 3. Nc3 Bb4 4. e3 Ne4 5. Qc2 Nxc3 6. bxc3 Ba5 7. Bd3 h6 8.
Ne2 d6 9. O-O O-O 10. e4 c5 11. f4 Nc6 12. d5 Nb8 13. f5 exf5 14. exf5 f6 15.
Nf4 Nd7 16. Ne6 Qe7 17. Rf3 Ne5 18. Rg3 Bxe6 19. fxe6 Kh8 20. Bf5 g5 21. Qe2
Qe8 22. h4 Rc8 23. Be3 Bxc3 24. Rd1 Bd4 25. Bxd4 cxd4 26. Rxd4 b5 27. cxb5 Rc1+
28. Kh2 Kg7 29. Ra4 Rc7 30. Rga3 Qb8 31. Qh5 Qxb5 32. Rxa7 Qc5 33. e7 Rxa7 34.
Qxh6+ Kxh6 35. exf8=Q+ Kh5 36. Qh8+ 1-0

[Event "1st WMSG Rapid Ind KO"]
[Site "Beijing CHN"]
[Date "2008.10.08"]
[Round "2.2"]
[White "Korobov, A."]
[Black "Bu Xiangzhi"]
[Result "1/2-1/2"]
[WhiteElo "2605"]
[BlackElo "2714"]
[PlyCount "81"]
[EventDate "2008.10.05"]
[SourceDate "1999.07.01"]

1. d4 Nf6 2. c4 e6 3. Nc3 Bb4 4. e3 O-O 5. Bd3 d5 6. Nf3 c5 7. O-O Nc6 8. a3
Bxc3 9. bxc3 Qc7 10. h3 dxc4 11. Bxc4 b6 12. Bb2 e5 13. Qe2 e4 14. Nd2 Na5 15.
Ba2 c4 16. a4 Be6 17. Ba3 Rfc8 18. Rab1 Qd7 19. Qd1 Nb3 20. Qc2 Bxh3 21. f3
Nxd2 22. Qxd2 Bf5 23. Rb5 Nd5 24. Bb1 Re8 25. Bc2 a6 26. Rb2 exf3 27. Bxf5 Qxf5
28. Rxf3 Qd3 29. Qxd3 cxd3 30. e4 Rxe4 31. Rxd3 Rc8 32. a5 b5 33. Bc5 f5 34.
Rc2 Kf7 35. c4 bxc4 36. Rxc4 Rb8 37. Bd6 Rb1+ 38. Kh2 Rh4+ 39. Rh3 Rxh3+ 40.
Kxh3 Rb5 41. Be5 1/2-1/2

[Event "1st WMSG Blitz Team"]
[Site "Beijing CHN"]
[Date "2008.10.13"]
[Round "5"]
[White "Korobov, A."]
[Black "Ghaem Maghami, E."]
[Result "1/2-1/2"]
[WhiteElo "2605"]
[BlackElo "2599"]
[PlyCount "80"]
[EventDate "2008.10.13"]
[SourceDate "1999.07.01"]

1. d4 Nf6 2. c4 e6 3. Nc3 Bb4 4. e3 c5 5. Bd3 b6 6. Nge2 Bb7 7. O-O O-O 8. a3
Bxc3 9. Nxc3 d5 10. dxc5 bxc5 11. cxd5 exd5 12. b4 cxb4 13. axb4 Nc6 14. b5 Ne5
15. Be2 Qc7 16. Qd4 Rfc8 17. Bd2 Nc4 18. Be1 Qb6 19. Qh4 a6 20. bxa6 Rxa6 21.
Rb1 Qc6 22. Nb5 Qd7 23. Nd4 Ra2 24. Bf3 Ne5 25. Bd1 Ng6 26. Qg5 h6 27. Qg3 Ba6
28. Bb3 Bxf1 29. Bxa2 Bc4 30. Bxc4 dxc4 31. Qf3 c3 32. Rc1 Ne5 33. Qf5 Qxf5 34.
Nxf5 Nd5 35. e4 g6 36. Nxh6+ Kg7 37. exd5 c2 38. Bd2 Nd3 39. Rf1 c1=Q 40. Bxc1
Nxc1 1/2-1/2

[Event "1st WMSG Blitz Team"]
[Site "Beijing CHN"]
[Date "2008.10.13"]
[Round "8"]
[White "Korobov, A."]
[Black "Almasi, Z."]
[Result "1/2-1/2"]
[WhiteElo "2605"]
[BlackElo "2663"]
[PlyCount "221"]
[EventDate "2008.10.13"]
[SourceDate "1999.07.01"]

1. d4 Nf6 2. c4 e6 3. Nc3 Bb4 4. e3 O-O 5. Bd3 d5 6. Nf3 c5 7. O-O dxc4 8. Bxc4
Nbd7 9. a3 Ba5 10. Qe2 a6 11. Bd3 b5 12. b4 cxd4 13. Nxd4 Bb6 14. a4 Bxd4 15.
exd4 bxa4 16. Nxa4 Nd5 17. Nc5 Qf6 18. Qe4 g6 19. Bh6 Re8 20. Rfe1 N7b6 21. b5
a5 22. h4 a4 23. Bg5 Qg7 24. Nxa4 f5 25. Qf3 Qxd4 26. Be3 Nxe3 27. fxe3 Qxd3
28. Nxb6 Rxa1 29. Rxa1 Qxb5 30. Nxc8 Rxc8 31. h5 Qe5 32. Rd1 g5 33. h6 Qf6 34.
Qb7 Rf8 35. Qd7 Qxh6 36. Rd6 g4 37. Rxe6 Qg5 38. Re7 h5 39. Qd5+ Kh8 40. Qe5+
Kg8 41. Qe6+ Kh8 42. Qe5+ Qf6 43. Qc7 g3 44. Qe5 Qxe5 45. Rxe5 Kg7 46. e4 Kg6
47. exf5+ Rxf5 48. Re8 Kg5 49. Rg8+ Kf4 50. Ra8 Re5 51. Rf8+ Kg4 52. Rg8+ Rg5
53. Rf8 h4 54. Ra8 Re5 55. Rg8+ Kf4 56. Rf8+ Ke3 57. Kf1 Ke4 58. Rh8 Rf5+ 59.
Kg1 Ke3 60. Re8+ Kf4 61. Rh8 Kg5 62. Rg8+ Kh5 63. Rh8+ Kg4 64. Rg8+ Rg5 65. Ra8
Rc5 66. Rg8+ Kf4 67. Rf8+ Ke3 68. Re8+ Kd3 69. Rd8+ Ke4 70. Re8+ Re5 71. Rh8
Kd3 72. Rd8+ Ke2 73. Rd7 Ke3 74. Rd8 Rc5 75. Re8+ Kd3 76. Rd8+ Ke2 77. Re8+ Kd2
78. Rd8+ Kc3 79. Kf1 Rf5+ 80. Kg1 Kc4 81. Rd7 Rd5 82. Rc7+ Kd3 83. Re7 Kd4 84.
Re8 Ra5 85. Rd8+ Ke5 86. Re8+ Kf6 87. Re1 Kg5 88. Rb1 Rc5 89. Kh1 Rd5 90. Kg1
Kf4 91. Kf1 Ke3 92. Re1+ Kf4 93. Ra1 Rd4 94. Rb1 Rd2 95. Rb4+ Ke3 96. Rb3+ Rd3
97. Rb1 Kd2 98. Rb4 Ke3 99. Rb1 Rc3 100. Re1+ Kd2 101. Ra1 Kd3 102. Rd1+ Ke3
103. Re1+ Kf4 104. Kg1 Rc2 105. Rf1+ Ke3 106. Re1+ Kd2 107. Kf1 Rc4 108. Ra1
Rf4+ 109. Kg1 Rd4 110. Kf1 Ke3 111. Re1+ 1/2-1/2

[Event "1st WMSG Rapid Team"]
[Site "Beijing CHN"]
[Date "2008.10.15"]
[Round "3"]
[White "Korobov, A."]
[Black "Zhang Zhong"]
[Result "1-0"]
[WhiteElo "2605"]
[BlackElo "2649"]
[PlyCount "63"]
[EventDate "2008.10.14"]
[SourceDate "1999.07.01"]

1. d4 Nf6 2. c4 e6 3. Nc3 Bb4 4. e3 O-O 5. Bd3 d5 6. Nf3 c5 7. O-O Nc6 8. a3
Bxc3 9. bxc3 Qc7 10. h3 Na5 11. cxd5 exd5 12. Ne5 c4 13. Bc2 Ne4 14. f3 Nxc3
15. Qe1 Nb5 16. a4 Nd6 17. Ba3 b6 18. e4 Bb7 19. Qg3 f5 20. exf5 Nxf5 21. Qg4
Nb3 22. Bxf8 Nbxd4 23. Bxf5 Qxe5 24. Rae1 Qf6 25. Be7 Qxf5 26. Qxd4 Bc6 27. Bb4
a5 28. Bc3 Qf7 29. Re5 Bxa4 30. Rfe1 Bc6 31. Re7 Qf6 32. Rxg7+ 1-0

[Event "1st WMSG Rapid Team"]
[Site "Beijing CHN"]
[Date "2008.10.16"]
[Round "8"]
[White "Korobov, A."]
[Black "Almasi, Z."]
[Result "1-0"]
[WhiteElo "2605"]
[BlackElo "2663"]
[PlyCount "131"]
[EventDate "2008.10.14"]
[SourceDate "1999.07.01"]

1. d4 Nf6 2. c4 e6 3. Nc3 Bb4 4. e3 O-O 5. Bd3 d5 6. Nf3 c5 7. O-O dxc4 8. Bxc4
Nbd7 9. a3 Ba5 10. Qe2 a6 11. Bd3 Qe7 12. Bd2 e5 13. dxe5 Nxe5 14. Nxe5 Qxe5
15. f4 Qe7 16. h3 Bxc3 17. Bxc3 Ne4 18. Qh5 Bd7 19. Qe5 Qxe5 20. Bxe5 Bc6 21.
Rfd1 Rfd8 22. Bc7 Rd7 23. Bb6 Ba4 24. Bc2 Rxd1+ 25. Bxd1 Bc6 26. Bf3 c4 27. Rc1
Rc8 28. Bg4 Re8 29. Rxc4 Nf6 30. Bf3 Bxf3 31. gxf3 Nd5 32. Bd4 f6 33. Kf2 Rd8
34. Kg3 Ne7 35. Bc3 Nc6 36. e4 Kf7 37. f5 g6 38. Rc5 Rd1 39. h4 Rg1+ 40. Kh2
Rd1 41. fxg6+ hxg6 42. h5 Rd6 43. hxg6+ Kxg6 44. Kg3 b6 45. Rc4 Kf7 46. f4 Ke6
47. f5+ Kd7 48. Kf4 Ke7 49. e5 fxe5+ 50. Bxe5 Nxe5 51. Kxe5 Rd2 52. f6+ Kf8 53.
Rc8+ Kf7 54. Rc7+ Kf8 55. b4 Rd3 56. a4 Rb3 57. Ke6 Re3+ 58. Kd6 Rf3 59. Kc6
Rxf6+ 60. Kb7 Rf4 61. b5 axb5 62. axb5 Ke8 63. Kxb6 Kd8 64. Kb7 Rb4 65. b6 Rb3
66. Rc4 1-0

[Event "1st WMSG Rapid Team KO"]
[Site "Beijing CHN"]
[Date "2008.10.17"]
[Round "1.1"]
[White "Korobov, A."]
[Black "Shabalov, A."]
[Result "1/2-1/2"]
[WhiteElo "2605"]
[BlackElo "2585"]
[PlyCount "195"]
[EventDate "2008.10.14"]
[SourceDate "1999.07.01"]

1. d4 Nf6 2. c4 e6 3. Nc3 Bb4 4. e3 O-O 5. Bd3 d5 6. Nf3 b6 7. O-O Bb7 8. a3
dxc4 9. Bxc4 Bd6 10. b4 a6 11. Bb2 Nbd7 12. Ne2 Qe7 13. Ng3 c5 14. bxc5 bxc5
15. Rb1 Rfb8 16. a4 Bc6 17. Ne5 Bxe5 18. dxe5 Nd5 19. e4 N5b6 20. Bb3 c4 21.
Bc2 Qc5 22. Bd4 Qa5 23. Nh5 g6 24. Nf6+ Nxf6 25. exf6 Nd7 26. f4 Rxb1 27. Qxb1
Qd2 28. Qd1 Qb4 29. Qf3 Nc5 30. f5 exf5 31. Bc3 Qb8 32. Rb1 Qe8 33. Qe3 Bxe4
34. Qxc5 Bxc2 35. Re1 Be4 36. Qe3 Qf8 37. Rd1 Re8 38. Rd7 h5 39. h4 Bxg2 40.
Re7 Be4 41. Qd4 Rd8 42. Qe5 Qh6 43. Re8+ Rxe8 44. Qxe8+ Qf8 45. Qe7 Qb8 46. Be5
Qb1+ 47. Kf2 Qc2+ 48. Ke1 Qc1+ 49. Ke2 Bd3+ 50. Kf3 Qf1+ 51. Ke3 Qe1+ 52. Kd4
Qe4+ 53. Kc3 Qa8 54. a5 Bf1 55. Bd4 f4 56. Qe5 f3 57. Qf4 Qf8 58. Kd2 Qb4+ 59.
Bc3 Qf8 60. Qxf3 Bd3 61. Qf4 Kh7 62. Qc7 g5 63. Qe7 Qg8 64. Qe5 Qg6 65. hxg5 h4
66. Qf4 Qh5 67. Be5 h3 68. Kc3 Qe2 69. Qh4+ Kg6 70. Qh6+ Kf5 71. Bc7 Qe1+ 72.
Kd4 Qg1+ 73. Kc3 Qa1+ 74. Kb4 Qb2+ 75. Kc5 Qf2+ 76. Kd6 Qd4+ 77. Ke7 Qe3+ 78.
Kxf7 c3 79. Kg7 c2 80. f7 c1=Q 81. f8=Q+ Kg4 82. Qfd6 Qc3+ 83. Kf8 Qf3+ 84. Ke8
Bb5+ 85. Ke7 Qe4+ 86. Qde6+ Qxe6+ 87. Qxe6+ Kxg5 88. Qe5+ Qxe5+ 89. Bxe5 Kg4
90. Kd6 Kf3 91. Kc5 Kg2 92. Kd4 h2 93. Bxh2 Kxh2 94. Kc3 Kg3 95. Kb2 Kf3 96.
Ka1 Ke3 97. Kb2 Kd3 98. Ka1 1/2-1/2

[Event "17th CRO-chT 1a"]
[Site "Sibenik CRO"]
[Date "2008.09.30"]
[Round "4"]
[White "Erdos, V."]
[Black "Ivanisevic, I."]
[Result "1/2-1/2"]
[WhiteElo "2576"]
[BlackElo "2664"]
[PlyCount "65"]
[EventDate "2008.09.27"]
[SourceDate "1999.07.01"]

1. d4 Nf6 2. c4 e6 3. Nc3 Bb4 4. e3 c5 5. a3 Ba5 6. Bd3 Nc6 7. Nf3 Bxc3+ 8.
bxc3 d6 9. O-O e5 10. Nd2 O-O 11. d5 Ne7 12. f3 Bd7 13. Qc2 Kh8 14. Rf2 Ne8 15.
e4 h6 16. Nf1 f5 17. f4 fxe4 18. Bxe4 Nf6 19. fxe5 dxe5 20. Be3 Qa5 21. d6 Neg8
22. Bxb7 Rab8 23. Bd5 Nxd5 24. cxd5 c4 25. Rxf8 Rxf8 26. Ng3 Qxd5 27. Rd1 Qa5
28. Qc1 Bc6 29. h3 Rf7 30. Kh2 Qd8 31. Rf1 Rxf1 32. Qxf1 Qxd6 33. Qxc4 1/2-1/2

[Event "58th ch-HUN KO"]
[Site "Nyiregyhaza HUN"]
[Date "2008.09.16"]
[Round "2.2"]
[White "Kovacs, Ga2"]
[Black "Horvath, Ad1"]
[Result "0-1"]
[WhiteElo "2505"]
[BlackElo "2513"]
[PlyCount "70"]
[EventDate "2008.09.12"]
[SourceDate "1999.07.01"]

1. d4 Nf6 2. c4 e6 3. Nc3 Bb4 4. e3 b6 5. Nf3 Bb7 6. Bd3 Ne4 7. O-O f5 8. Ne5
Nf6 9. Bd2 O-O 10. Rc1 d6 11. Nf3 Nbd7 12. Qe2 Ne4 13. Nb5 Nxd2 14. Nxd2 a6 15.
Nc3 d5 16. cxd5 exd5 17. f4 c5 18. Nf3 c4 19. Bb1 g6 20. Ne5 b5 21. g4 Nxe5 22.
fxe5 Qg5 23. Rf4 fxg4 24. Rxg4 Qh6 25. Rg3 Be7 26. Qg4 Bh4 27. Rh3 Qg5 28. Qxg5
Bxg5 29. Rf1 b4 30. Ne2 Rxf1+ 31. Kxf1 Bc8 32. Rf3 Bg4 33. Rg3 Rf8+ 34. Kg2
Bxe2 35. Rxg5 Bd3 0-1

[Event "58th ch-HUN KO"]
[Site "Nyiregyhaza HUN"]
[Date "2008.09.17"]
[Round "2.4"]
[White "Gonda, L."]
[Black "Ruck, R1."]
[Result "1/2-1/2"]
[WhiteElo "2501"]
[BlackElo "2574"]
[PlyCount "123"]
[EventDate "2008.09.12"]
[SourceDate "1999.07.01"]

1. d4 Nf6 2. c4 e6 3. Nc3 Bb4 4. e3 d5 5. a3 Be7 6. cxd5 exd5 7. Bd3 O-O 8.
Nge2 Nbd7 9. f3 c5 10. O-O cxd4 11. Nxd4 Ne5 12. Be2 Nc6 13. Nb3 Re8 14. Nb5
Qb6 15. Kh1 a6 16. N5d4 Bd7 17. Bd2 Bd6 18. Qe1 Nxd4 19. Nxd4 Bc5 20. Ba5 Qd6
21. Qf2 Qe5 22. Nc2 Bxe3 23. Nxe3 Qxe3 24. Rae1 Qxf2 25. Rxf2 Bc6 26. Bc3 Nd7
27. Rc1 Re6 28. Kg1 Rae8 29. Bd3 g6 30. Rd2 Ne5 31. Bxe5 Rxe5 32. Bxa6 Ra8 33.
Bf1 Kf8 34. Kf2 Ke7 35. Rc3 Kd6 36. b4 h6 37. Rd4 g5 38. g3 f6 39. Bd3 Re7 40.
f4 Ree8 41. b5 Bd7 42. Bc4 Be6 43. Bxd5 Bxd5 44. Rcd3 Kc5 45. Rxd5+ Kc4 46. b6
Rxa3 47. R3d4+ Kc3 48. Kf3 Rb3 49. Rd6 Rxb6 50. Rxb6 Kxd4 51. Rxf6 gxf4 52.
Kxf4 b5 53. Rxh6 Rf8+ 54. Kg4 Rb8 55. h4 b4 56. Rd6+ Ke5 57. Rd2 b3 58. Rb2 Kf6
59. Kf3 Rb4 60. g4 Kg6 61. Kg3 Kf6 62. Kf3 1/2-1/2

[Event "58th ch-HUN KO"]
[Site "Nyiregyhaza HUN"]
[Date "2008.09.22"]
[Round "4.2"]
[White "Kovacs, Ga2"]
[Black "Ruck, R1."]
[Result "1/2-1/2"]
[WhiteElo "2505"]
[BlackElo "2574"]
[PlyCount "52"]
[EventDate "2008.09.12"]
[SourceDate "1999.07.01"]

1. d4 Nf6 2. c4 e6 3. Nc3 Bb4 4. e3 O-O 5. Nf3 c5 6. Bd3 d5 7. O-O cxd4 8. exd4
dxc4 9. Bxc4 b6 10. Bg5 Bb7 11. Re1 Nbd7 12. Rc1 Rc8 13. Qb3 Bxc3 14. Rxc3 h6
15. Bh4 Bd5 16. Bxd5 Rxc3 17. Qxc3 Nxd5 18. Bxd8 Nxc3 19. Bxb6 Nxa2 20. Bxa7
Ra8 21. Bc5 Nxc5 22. dxc5 Rc8 23. Re5 Nb4 24. Ne1 Na6 25. Re3 Rxc5 26. Rc3 Rxc3
1/2-1/2